MARZABOTTO (Record n. 104747)

Dettagli MARC
000 -LEADER
fixed length control field 01336agaaa2200313 4500
001 - CONTROL NUMBER
control field 6158
003 - CONTROL NUMBER IDENTIFIER
control field IT-RoPAU
005 - DATE AND TIME OF LATEST TRANSACTION
control field 20220918181224.0
007 - PHYSICAL DESCRIPTION FIXED FIELD--GENERAL INFORMATION
fixed length control field d cvaizq
008 - FIXED-LENGTH DATA ELEMENTS--GENERAL INFORMATION
fixed length control field 50131s9999||||xx ||| | || ||und||
040 ## - CATALOGING SOURCE
Original cataloging agency IT-RoPAU
Transcribing agency IT-RoPAU
041 ## - LANGUAGE CODE
Language code of text/sound track or separate title ITALIANO
100 ## - MAIN ENTRY--PERSONAL NAME
Personal name Di Carlo Carlo
Miscellaneous information Codice regista SPICS: 7226
9 (RLIN) 37436
130 ## - MAIN ENTRY--UNIFORM TITLE
Uniform title MARZABOTTO
9 (RLIN) 37437
245 ## - TITLE STATEMENT
Title MARZABOTTO
Statement of responsibility, etc. Prodotto da: Di Carlo Carlo Diretto da: Di Carlo Carlo
Name of part/section of a work MARZABOTTO (Rif. Codice opera principale : 26158)
250 ## - EDITION STATEMENT
Edition statement Edizione Standard
260 ## - PUBLICATION, DISTRIBUTION, ETC. (IMPRINT)
Place of publication, distribution, etc. (ITALIA)
Name of publisher, distributor, etc. SENZA EDITRICE O NON IDENTIFICATA / Distribuzione: RAI
Date of manufacture "1984 (1° ed.: 1984 ; Ed. Lingua Orig.: 1984)"
300 ## - PHYSICAL DESCRIPTION
Extent VHS
Other physical details sonoro, col.
Dimensions 30 minuti
508 ## - CREATION/PRODUCTION CREDITS NOTE
Creation/production credits note "Montaggio: Di Carlo C. Pascucci; Musica: Battistelli Giorgio; "
511 ## - PARTICIPANT OR PERFORMER NOTE
Participant or performer note Modugno Ludovica
520 ## - SUMMARY, ETC.
Summary, etc. DOCUMENTARIO STORICO SUI MORTI DI MARZABOTTO DEL 1944 STRAGE COMANDATA DA ROEDER NEL '44 RIEVOCATA 44 ANNI DOPO
538 ## - SYSTEM DETAILS NOTE
System details note PAL, STEREO
546 ## - LANGUAGE NOTE
Language note ITALIANO
650 ## - SUBJECT ADDED ENTRY--TOPICAL TERM
Topical term or geographic name as entry element DOCUMENTARIO
Relator term FILMS [VHS]
General subdivision Codice MATERIA SPICS: 9960
9 (RLIN) 34095
700 ## - ADDED ENTRY--PERSONAL NAME
Personal name Battistelli Giorgio
Relator term (musica)
Miscellaneous information Codice Musica SPICS: 30734
9 (RLIN) 37438
700 ## - ADDED ENTRY--PERSONAL NAME
Personal name Di Carlo Carlo
Relator term (regista)
Miscellaneous information Codice regista SPICS: 7226
9 (RLIN) 37439
700 ## - ADDED ENTRY--PERSONAL NAME
Personal name Roversi Roberto
Relator term (soggetto)
Miscellaneous information Codice Soggetto SPICS: 1812
9 (RLIN) 37440
942 ## - ADDED ENTRY ELEMENTS (KOHA)
Koha item type VHS - VIDEO
Source of classification or shelving scheme Dewey Decimal Classification
Dati di copia
Withdrawn status Lost status Damaged status Not for loan Home library Current library Date acquired Total Checkouts Full call number Date last seen Price effective from Koha item type Public note
    Buone Condizioni Not For Loan SPICS-MEDIATECA SPICS-MEDIATECA 31/01/2015   26158 31/01/2015 31/01/2015 VHS - VIDEO Progr. Ins.: 1574 / N.Vol.:1 / Copie: 1 / Pag.: / Copia rara: NO / date import: 1.2.2015 / By Epidotti, Trombetti, Vaglietti
CREDITS: SOCIETA' SAN PAOLO Via A.Severo, 58 - ROMA (RM) & PERIODICI SAN PAOLO SRL Via Giotto, 36 MILANO & CISF Via Giotto, 36 MILANO & EDIZIONI SAN PAOLO SRL,  Piazza Soncino, 5 CINISELLO BALSAMO (MI) -- ITALY